Statistiques concernant Rues de Bruxelles - Niveau 1

Cliquez ici pour prendre le quiz!

Statistiques générales

  • Ce quiz a été pris 97 fois
  • Le résultat moyen est 6 sur 20

Statistiques - réponses

HintRéponse% Correct
La plus prestigieuse avenue de Bruxelles, principale entrée dans le bois de Cambre.Avenue Louise
84%
A éviter lors des soldes et des fêtes de fin d'années.Rue Neuve
49%
La plus longue chaussée de Bruxelles.Chaussée de Waterloo
48%
On l'emprunte pour rentrer dans le pentagone ou pour rendre visite au Premier Ministre.Rue de la Loi
46%
Mérode, Montgomery, Musée du Tram, voilà trois M que je traverse.Avenue de Tervueren
32%
Du rond-point de l'Etoile à l'Arsenal, je suis parcouru par les trams 21 et 7.Boulevard Général Jacques
27%
En passant à deux pas de l'Altitude Cent, cette chaussée est sûrement la plus haute de Bruxelles.Chaussée d'Alsemberg
27%
Principale rue commerçante du centre de Molenbeek-Saint-Jean.Chaussée de Gand
27%
Je borde le parc Josaphat et me retrouve au pont Van Praet.Boulevard Lambermont
25%
Passant le long d'une maison communale, je suis un axe emblématique du bus 71.Chaussée d'Ixelles
22%
L'inverse de la rue de la Loi.Rue Belliard
22%
Prolongement de l'avenue Brugmann qui permet de prendre l'autoroute à Drogenbos.Rue de Stalle
22%
Construit sur la Senne, les Bruxellois me piétinent dans toute ma longueur.Boulevard Anspach
21%
Cet axe démarre de la place Madou et file jusqu'à Zaventem.Chaussée de Louvain
21%
Je suis un axe rectiligne à cheval entre Molenbeek-Saint-Jean et Anderlecht, partant du canal jusqu'à Dilbeek.Chaussée de Ninove
21%
Je pars d'une place et longe un parc qui portent le même nom que moi.Rue Royale
19%
Les habitué.e.s du Bar du Matin m'emprunteront pour aller à la place Léon Vanderkindere.Avenue Albert
17%
D'un quartier de Kinshasa jusqu'à l'E411.Chaussée de Wavre
17%
Un temps prisé par de jeunes Flamands et quelques boutiques chics, je relie le Centre au canal.Rue Antoine Dansaert
14%
Du temps de l'Exposition Universelle de 1958, mon viaduc enjambait le canal jusqu'à Simonis.Boulevard Leopold II
10%

Distribution des résultats

Percentile par nombre de réponses

% des personnes avec chaque résultat

Votre développement - résultats

Vous n’avez pas pris ce quiz